🎶 Paroles "Petit bonhomme" Anne Sylvestre - Statistiques

Statistiques générales
  • Ce quiz a Ă©tĂ© pris 31 fois
  • Le rĂ©sultat moyen est 271 sur 375
Statistiques - réponses
Mots % Correct
petit
95%
Ă 
90%
a
90%
A
90%
bonhomme
90%
C'
90%
Et
90%
et
90%
Il
90%
il
90%
de
85%
es
85%
Était
85%
était
85%
l'
85%
Le
85%
le
85%
m'
85%
"Ma
85%
Ma
85%
ma
85%
Maryvonne
85%
"Maryvonne
85%
mon
85%
s'
85%
Sophie
85%
t'
85%
"Tu
85%
un
85%
Un
85%
avait
80%
ça
80%
Ça
80%
dit
80%
dit :
80%
dit.
80%
est
80%
mari
80%
me
80%
N'
80%
n'
80%
tout
80%
une
80%
amant
75%
bien
75%
comme
75%
Comme
75%
elle
75%
Elle
75%
en
75%
En
75%
je
75%
la
75%
La la la
75%
lit
75%
mère
75%
on
75%
On
75%
"On
75%
plus
75%
qu'
75%
Qu'
75%
sa
75%
Sa
75%
Au
70%
aussi
70%
belle"
70%
belle-
70%
bonne
70%
dans
70%
Dans
70%
menti
70%
moi
70%
Moi,
70%
pas
70%
que
70%
Qui
70%
qui
70%
se
70%
Se
70%
amuser
65%
assez
65%
caché
65%
disait
65%
femme
65%
gentil
65%
lui
65%
peu
65%
refaisait
65%
toute
65%
Toute
65%
très
65%
va
65%
attend
60%
bout
60%
colonie
60%
conne"
60%
début,
60%
début
60%
élevé
60%
eu
60%
grâce
60%
Mais
60%
mal
60%
mignonne
60%
ne
60%
poubelle
60%
pour
60%
pu
60%
Quand
60%
Si
60%
Toujours
60%
vacances
60%
vient
60%
vous
60%
boudin
55%
braise
55%
ce
55%
descendait
55%
descendra
55%
dira
55%
Encore
55%
feu
55%
gâter
55%
maîtresse
55%
maman
55%
midi
55%
midi"
55%
prenait
55%
Puis
55%
refera
55%
vrai
55%
aise
50%
chez
50%
commence
50%
Depuis
50%
étonne
50%
gorgone
50%
matrone"
50%
"merci...
50%
mettra
50%
personne
50%
repos
50%
retrouver
50%
rien."
50%
sera
50%
voilĂ 
50%
appela
45%
avant
45%
'bobonne'
45%
durer
45%
ici."
45%
longtemps
45%
maintenant
45%
mettait
45%
prendre
45%
recaser
45%
repartant
45%
téléphone
45%
tirer
45%
trouvé
45%
apprend
40%
Après
40%
cramponne
40%
pense
40%
pourra
40%
redonne
40%
rencontrai
40%
volupté
40%
âme
35%
bientĂ´t
35%
recommence
35%
Quelquefois
25%
Aucun quiz correspondant
Distribution des résultats
% des personnes avec chaque résultat
Percentile par nombre de réponses
Votre historique - résultats
Vous n’avez pas pris ce quiz